Phobias - Statistics

General Stats
  • This quiz has been taken 26 times
  • The average score is 37 of 332
Answer Stats
Hint Answer % Correct
pyro- fire
69%
cyno- dogs
63%
ailuro- | gato- cats
56%
thanato- death
56%
arachno- spiders
56%
haemato- blood
50%
acro- heights
50%
ophidio- snakes
50%
hydro- water
50%
zoo- animals
44%
hippopotomonstrosesquippedalio- | sesquipedalo- long words
44%
ornitho- birds
38%
coulro- clowns
38%
achulo- | nycto- | scoto- darkness
38%
pteromerhano- flying
38%
andro- men
38%
melo- | musico- music
38%
hypno- sleep
38%
terdeka- | triskaideka- 13
31%
melano- black
31%
carcino- cancer
31%
demono- demons
31%
electro- electricity
31%
muso- mice
31%
thalasso- sea
31%
akoustico- sound
31%
klepto- stealing
31%
aero- air
25%
abluto- bathing
25%
api- bees
25%
paedo- children
25%
cheima- cold
25%
chromo- colour
25%
sperma- germs
25%
phasmo- ghosts
25%
oiko- home
25%
cryo- | kristallo- | pago- ice
25%
entomo- insects
25%
photo- light
25%
carno- meat
25%
motte- moths
25%
agora- open spaces
25%
coito- | geno- sex
25%
dermato- skin
25%
ephibi- teenagers
25%
emeto- vomiting
25%
xantho- yellow
25%
noso- | patho- disease
19%
xeno- foreigners
19%
nelo- glass
19%
theo- God
19%
thermo- heat
19%
belone- needles
19%
gymno- nudity
19%
satano- Satan
19%
sidero- stars
19%
symmetro- symmetry
19%
syphilo- syphillis
19%
bronto- thunder
19%
hapto- touch
19%
dendro- trees
19%
ambulo- | baso- walking
19%
leuko- white
19%
gyno- women
19%
grapho- writing
19%
hexakosioihexekontahexa- 666
13%
sino- China
13%
chronometro- clocks
13%
claustro- closed spaces
13%
vesti- clothes
13%
iatro- doctors
13%
pedio- dolls
13%
anglo- English
13%
panto- everything
13%
atychi- | kakorraphia- failure
13%
cibo- | sito- food
13%
paraskavedekatria- Friday 13th
13%
allium- garlic
13%
homo- homosexuals
13%
hippo- horses
13%
domato- houses
13%
anthropo- humans
13%
atelo- imperfection
13%
traumato- injury
13%
limno- lakes
13%
astra- lightning
13%
gameto- marriage
13%
caino- novelty
13%
aglio- | algo- pain
13%
arachibutyro- peanut butter
13%
toxi- poison
13%
didaskaleino- | scoliono- school
13%
spermato- semen
13%
selacho- sharks
13%
hamartio- | peccato- sin
13%
dermatosio- skin disease
13%
chiono- snow
13%
halo- speaking
13%
odonto- teeth
13%
thixo- touching
13%
lachano- vegetables
13%
amaxo- | ocho- vehicles
13%
sphekso- wasps
13%
wicca- witchcraft
13%
helmintho- worms
13%
poto- alcohol
6%
apotemno- amputation
6%
angro- anger
6%
myrmeco- ants
6%
pelado- bald people
6%
amycho- being scratched
6%
scopo- being stared at
6%
aphenphosm- | chirapto- | haphe- being touched
6%
negro- black people
6%
bromidrosi- | osphresio- body odour
6%
scelero- burglars
6%
koumpouno- buttons
6%
alektoro- chickens
6%
genio- chins
6%
nepho- clouds
6%
cometo- comets
6%
demo- | ochlo- crowds
6%
crystallo- crystals
6%
hygro- dampness
6%
batho- depth
6%
myso- dirt
6%
ataxio- disorder
6%
oneiro- dreams
6%
chrono- duration
6%
ithyphallo- erect penis
6%
doxo- expressing opinions
6%
ommeta- eyes
6%
phobo- fears
6%
pterono- feathers
6%
antlo- floods
6%
anthro- flowers
6%
aulo- flute
6%
eleuthero- freedom
6%
gallo- French
6%
ranida- frogs
6%
partheno- girls
6%
hyalinopygo- glass bottoms
6%
baro- gravity
6%
samhaino- Halloween
6%
cardio- heart condition
6%
ourano- Heaven
6%
hade- Hell
6%
stygio- hell
6%
patroio- heredity
6%
hypso- high places
6%
nosema- illness
6%
ankylo- immobility
6%
medomalacu- impotence
6%
trypano- injections
6%
agateo- | lysso- | mania- insanity
6%
acaro- itching
6%
genu- knees
6%
epistemo- | gnosio- knowledge
6%
gelio- laughter
6%
sopho- learning
6%
pediculo- lice
6%
poly- many things
6%
metallo- metals
6%
meteoro- meteors
6%
bacilli- microbes
6%
ballisto- missiles
6%
chrometo- money
6%
kineso- | kineto- motion
6%
neo- newness
6%
aurora- Northern Lights
6%
levo- objects on one's left
6%
dextro- objects on one's right
6%
osmo- odours
6%
opto- opening eyes
6%
allodoxa- opinions
6%
socera- parents-in-law
6%
hedono- pleasure
6%
maieusio- pregnancy
6%
poine- punishment
6%
pupa- puppets
6%
kyno- rabies
6%
ombro- rain
6%
virginiti- rape
6%
hypegia- responsibility
6%
nosto- returning home
6%
katagelo- ridicule
6%
potamo- rivers
6%
harpaxo- robbers
6%
ate- ruin
6%
russo- Russia
6%
io- rust
6%
cymo- sea swell
6%
agra- sexual abuse
6%
phago- shallowing
6%
horme- shock
6%
cathiso- | thaaso- sitting
6%
blenno- | myxo- slime
6%
olfacto- smell
6%
pnigero- smothering
6%
eremo- solitude
6%
phono- speaking aloud
6%
anupta- staying single
6%
vitrico- step father
6%
noverca- stepmother
6%
kypho- stooping
6%
linono- strings
6%
ergasio- surgery
6%
hodo- travel
6%
phthisio- tuberculosis
6%
agrizoo- wild animals
6%
ancrao- | anemo- wind
6%
oeno- wine
6%
logo- words
6%
rhyti- wrinkles
6%
pogono- beards
0%
caligyne- beautiful women
0%
mono- being alone
0%
rhabdo- being beaten
0%
merintho- being bound
0%
tapho- being buried alive
0%
frigo- being cold
0%
automyso- being dirty
0%
athazagora- being forgotten
0%
erythro- blushing
0%
amaka- carriages
0%
coimetro- cemeteries
0%
metathesio- changes
0%
chero- cheerfulness
0%
toco- childbirth
0%
consecotaleo- chopsticks
0%
coprastaso- constipation
0%
necro- corpses
0%
gephyro- crossing bridges
0%
agyro- | dromo- crossing roads
0%
eoso- dawn
0%
phengo- daylight
0%
dysmorpho- deformity
0%
soterio- dependence on others
0%
deipno- dining
0%
dipso- drinking
0%
amatho- | koni- dust
0%
texto- fabrics
0%
copro- faeces
0%
keraunothneto- fall of man-made satellites
0%
kopo- fatigue
0%
seia- flash
0%
mastigo- flogging
0%
homichlo- | nebula- fog
0%
dora- fur
0%
pocresco- gaining weight
0%
kolpo- genitalia
0%
clino- going to bed
0%
chaeto- | trichopatho- hair
0%
nosocome- hospitals
0%
ideo- ideas
0%
apeiro- infinity
0%
zelo- jealousy
0%
catapeda- jumping
0%
dike- justice
0%
albuminuro- kidney disease
0%
philema- kissing
0%
litica- lawsuits
0%
phyllo- leaves
0%
anable- looking up
0%
mechano- machinery
0%
catoptro- | eisoptro- mirrors
0%
terato- monsters
0%
angino- narrowness
0%
omphalo- navels
0%
paralipo- neglect of duty
0%
lutra- otters
0%
enete- pins
0%
metro- poetry
0%
aichuro- points
0%
penia- poverty
0%
cremno- precipices
0%
xyro- razors
0%
syngeneso- relatives
0%
batracho- reptiles
0%
hiero- sacred things
0%
scio- shadows
0%
ostracono- shellfish
0%
rypo- soiling
0%
acero- sourness
0%
tacho- speed
0%
staso- standing
0%
cnido- stings
0%
lalo- | psellismo- stuttering
0%
pantho- suffering
0%
geuma- taste
0%
phronemo- thinking
0%
bufono- toads
0%
siderodromo- travelling by train
0%
tremo- trembling
0%
caco- ugliness
0%
cyprido- venereal disease
0%
keno- void
0%
astheno- weakness
0%
No matching quizzes found
Score Distribution
Percent of People with Each Score
Percentile by Number Answered
Your Score History
You have not taken this quiz